| 000 | 01973cam a2200457 i 4500 | ||
|---|---|---|---|
| 001 | 20734999 | ||
| 003 | NUST | ||
| 005 | 20220825155726.0 | ||
| 008 | 181019s2019 nyu b 001 0deng c | ||
| 010 | _a 2018041400 | ||
| 020 |
_a9780062839268 _q(hardcover) |
||
| 038 | _aAzhar | ||
| 040 |
_aLBSOR/DLC _beng _cLBSOR _erda _dDLC |
||
| 042 | _apcc | ||
| 043 | _an-us-ca | ||
| 050 | 0 | 0 |
_aHF5549.5.C53 _bS375 2019 |
| 082 | 0 | 0 |
_a658.407124 _bSCH |
| 100 | 1 |
_aSchmidt, Eric, _d1955 April 27- _eauthor. _910375 |
|
| 245 | 1 | 0 |
_aTrillion-dollar coach : _bthe leadership playbook from Silicon Valley's Bill Campbell _cEric Schmidt, Jonathan Rosenberg and Alan Eagle. |
| 250 | _aFirst edition. | ||
| 260 |
_aNew York, NY : _bHarperBusiness, An Imprint of HarperCollinsPublishers, _c2019 |
||
| 264 | 1 | _c[2019] | |
| 300 |
_axvi, 218 pages ; _c24 cm |
||
| 336 |
_atext _2rdacontent |
||
| 337 |
_aunmediated _2rdamedia |
||
| 338 |
_avolume _2rdacarrier |
||
| 504 | _aIncludes bibliographical references and index. | ||
| 520 |
_a"Eric Schmidt, Jonathan Rosenberg and Alan Eagle, the team behind How Google Works, return with the story of Bill Campbell, the greatest executive business coach the world has ever seen, responsible for creating more value than just about anybody else on the planet"-- _cProvided by publisher. |
||
| 600 | 1 | 0 |
_aCampbell, Bill, _d1940-2016 _vAnecdotes. _997250 |
| 650 | 0 |
_aEmployees _xCoaching of. _94010 |
|
| 650 | 0 | _aManagement. | |
| 650 | 0 |
_aMentoring in business. _98020 |
|
| 650 | 0 |
_aBusiness consultants _zUnited States _vBiography. _997251 |
|
| 650 | 0 |
_aExecutives _zUnited States _vBiography. _996575 |
|
| 651 | 0 |
_aSanta Clara Valley (Santa Clara County, Calif.) _vBiography _vAnecdotes. _997252 |
|
| 700 | 1 |
_aRosenberg, Jonathan, _d1961- _eauthor. _997253 |
|
| 700 | 1 |
_aEagle, Alan, _eauthor. _997254 |
|
| 906 |
_a7 _bcbc _corignew _d1 _eecip _f20 _gy-gencatlg |
||
| 942 |
_2ddc _cLC |
||
| 999 |
_c591005 _d591005 |
||